| 000 | 00411nam a2200169Ia 4500 | ||
|---|---|---|---|
| 008 | 210210b2006 xxu||||| |||| 00| 0 eng d | ||
| 020 | _a81 7888 364 3 | ||
| 041 | _aeng | ||
| 082 | _a575 BANE | ||
| 100 | _aBANERJEE (S). | ||
| 245 | _aEvolutionary biology. | ||
| 260 |
_aN D _bDominant Publishers and Distributors _c2006 |
||
| 300 | _a324 | ||
| 650 | _aEvolution | ||
| 690 | _aEvolution | ||
| 906 | _a060598 | ||
| 999 |
_c107513 _d107513 |
||